|
|
|
|
| LEADER |
01618nam a2200421Ia 4500 |
| 001 |
EBC335716 |
| 003 |
MiAaPQ |
| 005 |
20200520144314.0 |
| 006 |
m o d | |
| 007 |
cr cn||||||||| |
| 008 |
070517s2008 njua sb 001 0 eng d |
| 010 |
|
|
|z 2007020132
|
| 020 |
|
|
|z 9780470171158 (cloth : alk. paper)
|
| 020 |
|
|
|z 0470171154 (cloth : alk. paper)
|
| 035 |
|
|
|a (MiAaPQ)EBC335716
|
| 035 |
|
|
|a (Au-PeEL)EBL335716
|
| 035 |
|
|
|a (CaPaEBR)ebr10295880
|
| 035 |
|
|
|a (CaONFJC)MIL128451
|
| 035 |
|
|
|a (OCoLC)476150280
|
| 040 |
|
|
|a MiAaPQ
|c MiAaPQ
|d MiAaPQ
|
| 050 |
|
4 |
|a HG4028.C4
|b P72 2008
|
| 082 |
0 |
4 |
|a 658.15/2
|2 22
|
| 100 |
1 |
|
|a Pratt, Shannon P.
|
| 245 |
1 |
0 |
|a Cost of capital
|h [electronic resource] :
|b applications and examples /
|c Shannon P. Pratt, Roger J. Grabowski.
|
| 250 |
|
|
|a 3rd ed.
|
| 260 |
|
|
|a Hoboken, N.J. :
|b John Wiley & Sons,
|c c2008.
|
| 300 |
|
|
|a xxxviii, 778 p. :
|b ill.
|
| 500 |
|
|
|a Previous editions had subtitle: Estimation and applications.
|
| 504 |
|
|
|a Includes bibliographical references (p. 655-681) and index.
|
| 533 |
|
|
|a Electronic reproduction. Ann Arbor, MI : ProQuest, 2015. Available via World Wide Web. Access may be limited to ProQuest affiliated libraries.
|
| 650 |
|
0 |
|a Capital investments.
|
| 650 |
|
0 |
|a Business enterprises
|x Valuation.
|
| 650 |
|
0 |
|a Capital investments
|z United States.
|
| 650 |
|
0 |
|a Business enterprises
|x Valuation
|z United States.
|
| 655 |
|
4 |
|a Electronic books.
|
| 700 |
1 |
|
|a Grabowski, Roger J.
|
| 710 |
2 |
|
|a ProQuest (Firm)
|
| 856 |
4 |
0 |
|u https://ebookcentral.proquest.com/lib/matrademy/detail.action?docID=335716
|z Click to View
|